El origen de la vida. Todo cuento hay que saber.

Saved in:
Bibliografiske detaljer
Hovedforfatter: Deamer, David W. (autor)
Andre forfattere: Otero-Piñeiro, Dulcinea (traducción)
Format: Ukendt
Sprog:spansk
Udgivet: Barcelona, España: Antoni Bosch editor, 2022.
Fag:
Tags: Tilføj Tag
Ingen Tags, Vær først til at tagge denne postø!

MARC

LEADER 00000 a2200000 4500
003 CL-VaPUC
005 20250410105123.0
008 250408t2022 ||||| |||| 00| 0 spa d
999 |c 447908  |d 447906 
020 |a 978-84-124076-8-6 
040 |c Pontificia Universidad Católica de Valparaíso 
082 |2 22  |a 572.8 DEA 2022 
100 |a Deamer, David W.   |9 897956  |e autor 
245 |a El origen de la vida.  |b Todo cuento hay que saber. 
260 |a Barcelona, España:  |b Antoni Bosch editor,  |c 2022. 
300 |a 127 páginas:  |b ilustraciones. 
583 |k Yessy Díaz Vidal   |c 20250408 
650 0 |a Astrobiología   |9 897966  |x Teorías científicas 
650 0 |a Biología molecular  |9 269677  |v Principios científicos  |x Estructura, evolución, etc. 
700 |9 897965  |a Otero-Piñeiro, Dulcinea  |e traducción 
942 |2 ddc  |c BK 
952 |0 0  |1 0  |2 ddc  |4 0  |6 572_800000000000000_DEA_2022  |7 0  |8 A  |9 602199  |a BIBCUR  |b BIBCUR  |d 2025-04-07  |e 13  |g 16541.00  |i 5667100  |o 572.8 DEA 2022  |p 5667100  |r 2025-04-07  |t 6  |v 16541.00  |w 2025-04-07  |y BK  |k CIM 
952 |0 0  |1 0  |2 ddc  |4 0  |6 572_800000000000000_DEA_2022  |7 0  |8 A  |9 602200  |a BIBCUR  |b BIBCUR  |d 2025-04-07  |e 13  |g 16541.00  |i 5667095  |l 1  |o 572.8 DEA 2022  |p 5667095  |q 2025-05-12  |r 2025-04-11  |s 2025-04-11  |t 1  |v 16541.00  |w 2025-04-07  |y BK  |k CIM 
952 |0 0  |1 0  |2 ddc  |4 0  |6 572_800000000000000_DEA_2022  |7 0  |8 A  |9 602201  |a BIBCUR  |b BIBCUR  |d 2025-04-07  |e 13  |g 16541.00  |i 5667097  |o 572.8 DEA 2022  |p 5667097  |r 2025-04-07  |t 3  |v 16541.00  |w 2025-04-07  |y BK  |k CIM 
952 |0 0  |1 0  |2 ddc  |4 0  |6 572_800000000000000_DEA_2022  |7 0  |8 A  |9 602202  |a BIBCUR  |b BIBCUR  |d 2025-04-07  |e 13  |g 16541.00  |i 5667096  |l 2  |o 572.8 DEA 2022  |p 5667096  |r 2025-05-08  |s 2025-05-08  |t 2  |v 16541.00  |w 2025-04-07  |y BK  |k CIM 
952 |0 0  |1 0  |2 ddc  |4 0  |6 572_800000000000000_DEA_2022  |7 0  |8 A  |9 602203  |a BIBCUR  |b BIBCUR  |d 2025-04-07  |e 13  |g 16541.00  |i 5667098  |o 572.8 DEA 2022  |p 5667098  |r 2025-04-07  |t 4  |v 16541.00  |w 2025-04-07  |y BK  |k CIM 
952 |0 0  |1 0  |2 ddc  |4 0  |6 572_800000000000000_DEA_2022  |7 0  |8 A  |9 602204  |a BIBCUR  |b BIBCUR  |d 2025-04-07  |e 13  |g 16541.00  |i 5667099  |o 572.8 DEA 2022  |p 5667099  |r 2025-04-07  |t 5  |v 16541.00  |w 2025-04-07  |y BK  |k CIM